Impulz na rýchlejšiu transformáciu vlastníctva. Od začiatku júna sa vo finančných vzťahoch akceptujú zmenky na podporu privatizácie.

Možnosť pri kúpe privatizovaného objektu využiť od júna 1993 úverové zdroje, ktoré NB Slovenska uvoľňuje nad rámec menového programu mimoriadnou emisiou úverov. Použiteľné sú len na prvú splátku na majetok predávaný tuzemským kupujúcim. Úrokové sadzby.

Na minha lista:
Detalhes bibliográficos
Formato: Capítulo de Livro
Idioma:eslovaco
Assuntos:
Tags: Adicionar Tag
Sem tags, seja o primeiro a adicionar uma tag!

MARC

LEADER 00000naa a2200000 4500
001 r012839
005 20221205080607.5
041 0 |a slo 
044 |a SK 
245 1 0 |a Impulz na rýchlejšiu transformáciu vlastníctva.  |b Od začiatku júna sa vo finančných vzťahoch akceptujú zmenky na podporu privatizácie. 
520 |a Možnosť pri kúpe privatizovaného objektu využiť od júna 1993 úverové zdroje, ktoré NB Slovenska uvoľňuje nad rámec menového programu mimoriadnou emisiou úverov. Použiteľné sú len na prvú splátku na majetok predávaný tuzemským kupujúcim. Úrokové sadzby. 
610 2 0 |a privatizácia 
610 2 0 |a úver bankový 
610 2 0 |a NBS Bratislava 
610 2 0 |a kúpa 
610 2 0 |a splátky 
610 2 0 |a zmenky 
610 2 0 |a úrok